=LDR 00000nam 2200000 4500 =001 INLIS000000000039218 =005 20130612144848 =008 ***********************************ind** =035 ##$$a0010-061300000039218 =041 ##$$a ind =082 ##$$a 038.5 =090 ##$$a 038.5, Ata k =100 ##$$a Atalia, cheryl kanza =245 ##$$a Kejutan Untuk Jane =650 ##$$a Bacaan Kanak-kanak =850 ##$$a NBPNMAT =990 ##$$a 21400613/BPAP-NTB/20142014